000 00545nam a22001457a 4500
003 MACL
005 20190516155430.0
008 190516b xxu||||| |||| 00| 0 eng d
040 _cMACL
100 _aबालकृष्‍ण भट्ट
_974835
245 _aबालकृष्‍ण भट्ट रचनावली खण्‍ड-4
260 _aनई दिल्‍ली
_bअनामिका पब्लिशर्स एंड डिस्‍ट्री
_c2015
650 _aरचनावली
_9163
942 _2ddc
_cHIN
999 _c59741
_d59741